000 00362nam a2200145Ia 4500
008 230917s9999||||xx |||||||||||||| ||und||
040 _e203161
_aMAIN
041 _aEnglish
082 _a579 B541M
100 _aBisen, Prakash S
245 0 _aMicrobes: Concepts and applications
260 _aHoboken
_bJohn Wiley
_c2012
300 _axv, 699 p.
942 _cBK
999 _c172117
_d172117